|
|
|
|
| LEADER |
00000nam0a2200000 4500 |
| 001 |
336291 |
| 005 |
20231102004835.0 |
| 020 |
|
|
|a RU
|b 88-30555
|
| 035 |
|
|
|a (RuTPU)RU\TPU\book\362707
|
| 090 |
|
|
|a 336291
|
| 100 |
|
|
|a 20171012d1988 m y0rusy5003 ca
|
| 101 |
0 |
|
|a rus
|
| 102 |
|
|
|a RU
|
| 105 |
|
|
|a a z 001zy
|
| 200 |
1 |
|
|a Народные художественные промыслы
|f В. Я. Рафаенко
|
| 210 |
|
|
|a Москва
|c Знание
|d 1988
|
| 215 |
|
|
|a 175 с.
|c ил.
|
| 225 |
1 |
|
|a Народный университет. Факультет литературы и искусства
|a Фак. лит. и искусства
|
| 320 |
|
|
|a Библиогр.: с. 174
|
| 606 |
1 |
|
|a Декоративно-прикладное искусство
|2 stltpush
|3 (RuTPU)RU\TPU\subj\9017
|9 36311
|
| 610 |
1 |
|
|a художественные промыслы
|
| 610 |
1 |
|
|a народное творчество
|
| 610 |
1 |
|
|a Украина
|
| 610 |
1 |
|
|a Белоруссия
|
| 610 |
1 |
|
|a Прибалтика
|
| 610 |
1 |
|
|a Грузия
|
| 610 |
1 |
|
|a Средняя Азия
|
| 675 |
|
|
|a 745
|z rus
|v 3
|
| 700 |
|
1 |
|a Рафаенко
|b В. Я.
|g Валерия Яковлевна
|4 070
|
| 801 |
|
0 |
|a RU
|b RuMRKP
|c 19950417
|g psbo
|
| 801 |
|
1 |
|a RU
|b 63413507
|c 20171012
|
| 801 |
|
2 |
|a RU
|b 63413507
|c 20171019
|g RCR
|
| 942 |
|
|
|c BK
|